तुम्हारा नाम क्या है तिब्बत: (Record no. 1309689)

MARC details
000 -LEADER
fixed length control field 00958nam a22002177a 4500
005 - DATE AND TIME OF LATEST TRANSACTION
control field 20250428164119.0
008 - FIXED-LENGTH DATA ELEMENTS--GENERAL INFORMATION
fixed length control field 250428b |||||||| |||| 00| 0 eng d
020 ## - INTERNATIONAL STANDARD BOOK NUMBER
International Standard Book Number 978-93-91925-38-3 (hbk)
037 ## - SOURCE OF ACQUISITION
Terms of availability TB
040 ## - CATALOGING SOURCE
Original cataloging agency CRL
Transcribing agency CRL
041 ## - LANGUAGE CODE
Source of code hin
Language code of text/sound track or separate title hin
084 ## - COLON CLASSIFICATION NUMBER
Classification number U8.498 152R2
Assigning agency CRL
100 ## - MAIN ENTRY--PERSONAL NAME
Personal name चंद्रभूषण
9 (RLIN) 753343
245 ## - TITLE STATEMENT
Title तुम्हारा नाम क्या है तिब्बत:
Remainder of title यात्रा इतिहास राजनय
260 ## - PUBLICATION, DISTRIBUTION, ETC.
Place of publication, distribution, etc. गाज़ियाबाद, भारत:
Name of publisher, distributor, etc. अंतिका प्रकाशन,
Date of publication, distribution, etc. 2022.
300 ## - PHYSICAL DESCRIPTION
Extent 168पृ0
365 ## - TRADE PRICE
Price amount INR 400.00
650 ## - SUBJECT ADDED ENTRY--TOPICAL TERM
Source of heading or term यात्रा वृतांत
942 ## - ADDED ENTRY ELEMENTS (KOHA)
Source of classification or shelving scheme Colon Classification (CC)
Koha item type Textbook
Classification part U8.498 152R2
Suppress in OPAC No
Holdings
Withdrawn status Lost status Source of classification or shelving scheme Damaged status Not for loan Home library Current library Date acquired Source of acquisition Cost, normal purchase price Inventory number Total Checkouts Full call number Barcode Date last seen Price effective from Koha item type
    Colon Classification (CC)     Central Library Central Library 2025-04-28 ईस्टर्न बुक लिंकर्स 400.00 143 & 2025-03-05   U8.498 152R2 CL1923302 2025-04-28 2025-04-28 Textbook
Copyright @ Delhi University Library System